000 00936nam a2200325 a 4500
003 AR-BaBNM
005 20251128210021.0
008 082120s2002 ||||||||||||||000 | spa||
020 _a987-9540-1-X
040 _cAR-BaBNM
100 1 _aLategano, Susana
245 0 0 _aLey estás?... estoy capacitando al maestro
_bmarco teórico
260 _aBuenos Aires
_bSur
_c1995
300 _a259 p.
_bil.
500 _aPrólogo del autor
504 _aContiene bibliografía p. 257
650 4 _aCURRICULO
650 4 _aROL DEL DOCENTE
650 4 _aPARTICIPACION DEL ALUMNO
653 _aLEY FEDERAL DE EDUCACION
653 _aCAPACITACION DOCENTE
653 _aREFORMA EDUCATIVA
653 _aCAMBIO EDUCATIVO
653 _aCONTENIDOS BASICOS COMUNES
653 _aORGANIZACION POR CICLOS
653 _aORGANIZACION DEL TIEMPO ESCOLAR
653 _aORGANIZACION DEL ESPACIO ESCOLAR
942 _cBK
998 _cRaquel
999 _c13720
_d13720